000 00816nam a2200325Ia 4500
001 10208
008 191123s9999 xx 000 0 und d
020 _a872160201
041 _aspa
044 _aag
100 _aArtundo, Patricia M.,
245 0 _aAtalaya :
_bActuar desde el arte. El Archivo Atalaya.
260 _aBuenos Aires :
_bFundación Espigas,
_c2004.
300 _a430 p.
_bilustrado
500 _aSe recoge una parte significativa sobre la crítica de arte.
650 _aARTE
650 _aARTISTAS PLASTICOS
650 _aCRITICA DE ARTE
650 _aPETTORUTI, EMILIO
650 _aREVISTA ATALAYA
902 _aM
903 _am
904 _am
907 _aimpreso
911 _ailustrado
912 _a2004
942 _cLIBRO
999 _c7886
_d7886
550 _ailustrado